Seguridad, territorio, población : Curso en el Collège de France: 1977-1978 /

Este curso, dictado en el Collège de France en 1978, marca el inicio de un nuevo ciclo en la enseñanza de Foucault. En él indaga en qué consiste una nueva tecnología de poder surgida en el siglo XVIII cuyo objeto es la población y que aspira a lograr un equilibrio global: "la seguridad del conjunto...

Full description

Bibliographic Details
Main Author: Foucault, Michel 1926-1984
Format: Libro
Language:Spanish
Published: Buenos Aires Fondo de Cultura Económica 2006
Edition:1a. ed.
Series:Sociología
Subjects:
Online Access:

MARC

LEADER 00000cam a2200000 a 4500
001 006886
003 UAHC_CL
005 20220609195057.0
008 061227b2006 ag 000 spa
020 |a 9505576714 
040 |a UAHC_CL  |c UAHC_CL  |d UAHC_CL 
100 1 |a Foucault, Michel  |d 1926-1984 
245 1 0 |a Seguridad, territorio, población :  |b Curso en el Collège de France: 1977-1978 /  |c Michel Foucault. 
250 |a 1a. ed. 
260 |b Fondo de Cultura Económica  |a Buenos Aires  |c 2006 
300 |a 488 p. 
490 0 |a Sociología 
520 |a Este curso, dictado en el Collège de France en 1978, marca el inicio de un nuevo ciclo en la enseñanza de Foucault. En él indaga en qué consiste una nueva tecnología de poder surgida en el siglo XVIII cuyo objeto es la población y que aspira a lograr un equilibrio global: "la seguridad del conjunto con respecto a sus peligros internos". El objetivo del curso es establecer si a través de la historia de las tecnologías de seguridad, es posible postular la existencia de una "sociedad de seguridad". 
521 |a Seminario temático 
650 0 |a Estado  |9 1379 
650 0 |a Filosofía política  |9 40 
650 0 |a Ciencias políticas  |9 41 
650 0 |a Poder (Ciencias sociales)  |9 2466 
653 |a ANTROPOLOGIA 
658 |a Marquez, Francisca 
900 |a 320.01 FOU 
942 |c BK 
952 |0 0  |1 1  |4 0  |6 320_010000000000000_FOU  |7 0  |8 General  |9 14986  |a BC  |b BC  |c General  |d 2017-08-03  |l 0  |o 320.01 FOU  |p 1356305  |r 2017-08-03 00:00:00  |t 1  |w 2017-08-03  |y BK 
952 |0 0  |1 1  |4 0  |6 320_010000000000000_FOU  |7 0  |8 General  |9 14987  |a BC  |b BC  |c General  |d 2017-08-03  |l 0  |o 320.01 FOU  |p 1356399  |r 2017-08-03 00:00:00  |t 2  |w 2017-08-03  |y BK 
952 |0 0  |1 0  |4 0  |6 320_010000000000000_FOU  |7 0  |8 General  |9 14988  |a BR  |b BR  |c General  |d 2017-08-03  |l 14  |m 18  |o 320.01 FOU  |p 1356400  |r 2026-01-14 00:00:00  |s 2025-04-10  |t 3  |w 2017-08-03  |x Rayado con lápiz mina. RLC. 30/01/2020  |y BK 
999 |c 6886  |d 6886